| 000 | 00948nas a2200313 4500 | ||
|---|---|---|---|
| 001 | BR2016002306 | ||
| 003 | BR-BrBNA | ||
| 005 | 20231205130357.0 | ||
| 007 | ta | ||
| 008 | 230509b bl.|||p| |||| 00| 00por d | ||
| 040 |
_aBR-BrBNA _bpor _cBiblioteca Nacional de Agricultura |
||
| 041 | _a(Pt) | ||
| 072 | _aK10 | ||
| 100 | 1 | _aMarchesan, R. | |
| 100 | 1 | _aLoiola, P.L. | |
| 100 | 1 | _aTecchio, M.M. | |
| 100 | 1 | _aJuizo, C.G.F. | |
| 100 | 1 | _aRocha, M.P. da | |
| 100 | 1 | _aKlitzke, R.J. | |
| 245 | 1 | _aAvaliação das técnicas de anelamento e inserção de sabre em árvores de Eucalyptus grandis visando maior qualidade da madeira serrada | |
| 650 | _aEUCALIPTO | ||
| 650 | _aCRESCIMENTO | ||
| 650 | _aMADEIRA | ||
| 650 | _aQUALIDADE | ||
| 650 | _aRENDIMENTO | ||
| 773 | 0 |
_tFloresta (Brazil) _xISSN 0015-3826 _g(Oct-Dec 2015), v. 45(4) p. 695-704 _wBR2016002306 |
|
| 909 |
_a202311 _bLúcia _c55 _dLúcia Elande |
||
| 942 |
_2AGRIS _n0 _cANA |
||
| 999 |
_c249122 _d249122 |
||